000 00578nam a2200205Ia 4500
003 OSt
005 20251023150455.0
008 220917b |||||||| |||| 00| 0 eng d
037 _cTB
040 _aARTS
_cARTS
_beng
041 _2eng
_aeng
084 _aU.678.N5 K1
_qAL
100 _aBarbour K M
_922076
245 0 _aRepublic of the Sudan:
_ba regional geography
260 _aLondon:
_bLondon University Press,
_c1961.
300 _a280p.
_ccm.
650 _aGEOGRAPHY
_9849347
942 _hU.678.N5 K1
_cTB
_2CC
_n0
999 _c212391
_d212391